00505nam a2200145Ia 4500008004100000020001800041100002200059245003900081260003900120650001200159650003300171856004500204999001900249952009100268171212s9999 xx 000 0 und d a9780874212426 aSchindler, Harold cSchindler, HaroldaIn Another Time bUniversity Press of Coloradoc1998 aHistory aUtah -- History -- Anecdotes uwww.jstor.org/stable/10.2307/j.ctt46nsdj c353090d353090 001040aCLbCLd2017-12-12l0oF826.6 .S35 1998r2017-12-12 00:00:00w2017-12-12yCBE